| 000 | 00878nam a2200241 a 4500 | ||
|---|---|---|---|
| 001 | 74068 | ||
| 003 | BD-RjUL | ||
| 005 | 20211209082503.0 | ||
| 008 | 180212s2011 bg ||||| |||| 00| 0 ben d | ||
| 020 |
_a9847008401955 _c275.00 |
||
| 035 | _a(BD-RjUL)74286 | ||
| 040 |
_aBD-RjUL _beng _cBD-RjUL |
||
| 041 | _aben | ||
| 082 |
_223 _a891.4414 _bSAK 2011 |
||
| 100 |
_aসাহা , সনৎকুমার _9220142 |
||
| 245 | 1 | 0 |
_aকবিতা - অকবিতা রবীন্দ্রনাথ / _cসনৎকুমার সাহা |
| 260 |
_aঢাকা : _bশোভা প্রকাশ , _c২০১১ |
||
| 300 |
_a২৫৩ পৃ. : _c২২ সেমি ; |
||
| 600 |
_aঠাকুর , রবীন্দ্রনাথ _9220150 |
||
| 650 |
_aবাংলা সাহিত্য _9220144 |
||
| 650 |
_aBangla Literature _9220145 |
||
| 942 |
_2ddc _cBK |
||
| 999 |
_c74068 _d74068 |
||